Złoci medaliści letnich igrzysk olimpijskich - nagła śmierć - Statystyki

Ogólne statystyki
  • Ten quiz został rozwiązany 154 razy
  • Średni wynik to 9 z 16
Answers on the Grid
Answers color-coded by a green-red scale on the quiz's grid according to % correct below.
Anita Włodarczyk
Mariusz Wlazły
Michael Phelps
Pelé
Usain Bolt
Tomasz Majewski
Marcin Gortat
Ewa Swoboda
Leszek Blanik
Otylia Jędrzejczak
Paweł Fajdek
Adam Kszczot
Lewis Hamilton
Robert Korzeniowski
Kim Collins
Szymon Ziółkowski
Lance Armstrong
Kamila Skolimowska
Conor McGregor
Bartosz Kurek
Carl Lewis
Andrzej Gołota
Armand Duplantis
Marcin Lewandowski
Jelena Isinbajewa
Piotr Małachowski
Justyna Święty-Ersetic
Jakob Ingebrigtsen
Agnieszka Radwańska
Mateusz Kusznierewicz
Kévin Borlée
Femke Bol
 
Statystyki odpowiedzi
Odpowiedź % Poprawnych
Anita Włodarczyk
99%
Michael Phelps
87%
Usain Bolt
87%
Otylia Jędrzejczak
67%
Tomasz Majewski
65%
Robert Korzeniowski
62%
Armand Duplantis
57%
Leszek Blanik
55%
Jelena Isinbajewa
42%
Kamila Skolimowska
42%
Femke Bol
41%
Jakob Ingebrigtsen
39%
Szymon Ziółkowski
33%
Carl Lewis
32%
Mateusz Kusznierewicz
29%
Justyna Święty-Ersetic
25%
Nie znaleziono quizów pasujących do podanych kryteriów
Rozkład punktacji
Procent ludzi z każdym wynikiem
Percentyl według liczby udzielonych odpowiedzi
Twoja historia wyników
Nie rozwiązałeś tego quizu